[Event "National Chess Congress"]
[Site "Philadelphia"]
[Date "2009.11.29"]
[Round "6"]
[White "Hess, Ro"]
[Black "Smith, Bry"]
[Result "1/2-1/2"]
[WhiteElo "2560"]
[BlackElo "2467"]
[PlyCount "80"]
[EventDate "2009.11.??"]
[EventType "swiss"]
[EventRounds "6"]
[EventCountry "USA"]
[Source "Mark Crowther"]
[SourceDate "2009.12.06"]

1. e4 c5 2. Nf3 g6 3. Nc3 Bg7 4. h4 h5 5. d4 cxd4 6. Nxd4 Nc6 7. Be3 Nf6 8. f3
O-O 9. Nb3 a5 10. Na4 d5 11. Nb6 Rb8 12. exd5 Nb4 13. c4 a4 14. a3 Nbxd5 15.
cxd5 axb3 16. Qxb3 Qc7 17. Rd1 Bf5 18. Bc4 Qg3+ 19. Kf1 Ne8 20. d6 Nxd6 21. Nd5
b5 22. Be2 Be6 23. Qb4 Bxd5 24. Bf4 Qxf4 25. Qxf4 Bb3 26. Rxd6 exd6 27. Qb4 Bc4
28. b3 Rfc8 29. bxc4 bxc4 30. Qe1 c3 31. Kf2 c2 32. Qd2 Rb1 33. Bd3 Rxh1 34.
Bxc2 Rxh4 35. Be4 Rh1 36. Qd5 Rc5 37. Qxd6 Bf8 38. Qd3 Ra1 39. Bd5 Rxd5 40.
Qxd5 Rxa3 1/2-1/2

[Event "National Chess Congress"]
[Site "Philadelphia"]
[Date "2009.11.29"]
[Round "6"]
[White "Ravichandran, S."]
[Black "Stripunsky, A."]
[Result "0-1"]
[WhiteElo "2178"]
[BlackElo "2556"]
[PlyCount "124"]
[EventDate "2009.11.??"]
[EventType "swiss"]
[EventRounds "6"]
[EventCountry "USA"]
[Source "Mark Crowther"]
[SourceDate "2009.12.06"]

1. d4 d5 2. Nf3 Nc6 3. c4 Bg4 4. cxd5 Bxf3 5. gxf3 Qxd5 6. e3 e6 7. Nc3 Qh5 8.
f4 Qxd1+ 9. Kxd1 O-O-O 10. Bd2 Nf6 11. Rg1 h6 12. h3 Kb8 13. Rc1 Ne7 14. Ke2
Nf5 15. Bg2 Be7 16. Na4 g5 17. fxg5 hxg5 18. Ba5 Rd7 19. Nc5 Bxc5 20. dxc5 Re7
21. c6 b6 22. Bb4 Ree8 23. Rcd1 a5 24. Bc3 e5 25. Bh1 Rhg8 26. b4 axb4 27. Bxb4
Re6 28. Bc3 Nd6 29. Bb4 Nde4 30. Rc1 Rh8 31. Bg2 Rh4 32. a3 Nd5 33. Rgd1 Nxb4
34. Rd8+ Ka7 35. axb4 b5 36. Rd7 Kb6 37. Rxf7 Nd6 38. Rf8 Rxb4 39. Rb8+ Ka7 40.
Rg8 Rb2+ 41. Kd3 e4+ 42. Kd4 Rd2+ 43. Kc3 Rxf2 44. Rxg5 Nf7 45. Ra1+ Kb6 46.
Rg8 Rxc6+ 47. Kb3 Nd6 48. Rb8+ Kc5 49. Bf1 Rf3 50. Rc1+ Kd5 51. Re1 Rc5 52. Kb4
Kc6 53. Ra1 Rxe3 54. h4 Rcc3 55. h5 Rb3+ 56. Ka5 Nb7+ 57. Rxb7 Kxb7 58. h6 Rf3
59. Bxb5 Rf5 60. h7 Rfxb5+ 61. Ka4 Kb6 62. h8=Q R5b4# 0-1